• 首页
  • 本馆介绍
  • 公告通知
  • 最新文献
  • 馆藏检索
  • 电子资源
  • 读者导购
  • 参考咨询
  • 我的图书馆
  • 登录
  • 详细信息显示
  • 放入我的书架
  • 预约/预借图书
  • 作者相关作品
  • 分类相关作品
  • 丛书相关作品
  • 出版社相关作品

书目信息

  • 表格格式
  • 工作单格式
  • 卡片格式
题名:
忽雷太极拳
    
 
作者: 张满宏 著
分册:  
出版信息: 北京   人民体育出版社  2010
页数: 258页
开本: 23cm
丛书名:
单 册:
中图分类: G852.11
科图分类:
主题词: 太极拳--基本知识 , 太极拳
电子资源:
ISBN: 978-7-5009-3891-0
000 00834nam0 2200253 45
001 1130204969
005 20110309094030.62
010    @a978-7-5009-3891-0@dCNY36.00
100    @a20110123d2010 em y0chiy50 ea
101 0  @achi
102    @aCN@b110000
105    @aa z 000yy
106    @ar
200 1  @a忽雷太极拳@AHu Lei Tai Ji Quan@f张满宏著@FZhang Man Hong Zhu
210    @a北京@c人民体育出版社@d2010
215    @a258页@c图,照片@d23cm
330    @a本书共五章,内容包括:忽雷太极拳概述、忽雷太极拳十一层功夫体系揭秘与研究、忽雷太极拳动作名称及动作图解、忽雷太极拳推手、忽雷太极拳拳谚口诀选编。
606 0  @a太极拳@x基本知识
606 0  @a太极拳
610 0  @a忽雷太极拳
690    @aG852.11@v4
701  0 @a张满宏@AZhang Man Hong@f(1960~)@4著
801  0 @aCN@bTANGWEI@c20110309
905    @b0530466-68@dG852.11@e169@f3
    
    忽雷太极拳/张满宏著.-北京:人民体育出版社,2010
    258页:图,照片;23cm
    
    
    ISBN 978-7-5009-3891-0:CNY36.00
    本书共五章,内容包括:忽雷太极拳概述、忽雷太极拳十一层功夫体系揭秘与研究、忽雷太极拳动作名称及动作图解、忽雷太极拳推手、忽雷太极拳拳谚口诀选编。
●
相关链接 在E读中查询图书 在五车中查询图书 在当当中查询图书 在豆瓣中查询图书


正题名:忽雷太极拳     索取号:G852.11/169         预约/预借

序号 登录号 条形码 馆藏地/架位号 状态 备注
1 0530466   205304669   第一样本阅览室/ [索取号:G852.11/169] 在馆    
2 0530467   205304677   第四借阅区/ [索取号:G852.11/169] 在馆    
3 0530468   205304687   密集书库-体育系/ [索取号:G852.11/169] 在馆    
唐山师范学院图书馆 欢迎您!
大连网信软件有限公司© 版权所有